Last time a US state voted for a different party than in 2024 - Statistics

General Stats
  • This quiz has been taken 52 times
  • The average score is 38 of 50
Answer Stats
Hint Answer % Correct
Alabama Dem 1976
95%
Colorado Gop 2004
95%
Arizona Dem 2020
95%
Georgia Dem 2020
95%
Indiana Dem 2008
89%
Florida Dem 2012
89%
Iowa Dem 2012
89%
Michigan Dem 2020
89%
Alaska Dem 1964
84%
Idaho Dem 1964
84%
Hawaii Gop 1984
84%
California Gop 1988
84%
Arkansas Dem 1996
84%
North Carolina Dem 2008
84%
Kansas Dem 1964
79%
New York Gop 1984
79%
Deleware Gop 1988
79%
Illinois Gop 1988
79%
New Hampshire Gop 2000
79%
New Mexico Gop 2004
79%
Nevada Dem 2020
79%
Pennsylvania Dem 2020
79%
Mississippi Dem 1976
74%
Massachusets Gop 1984
74%
Connecticut Gop 1988
74%
Maine Gop 1988
74%
New Jersey Gop 1988
74%
Montana Dem 1992
74%
Kentucky Dem 1996
74%
Missouri Dem 1996
74%
Ohio Dem 2012
74%
Nebraska Dem 1964
68%
Minnesota Gop 1972
68%
Oregon Gop 1984
68%
Washington Gop 1984
68%
Maryland Gop 1988
68%
Louisiana Dem 1996
68%
Tenessee Dem 1996
68%
West Virginia Dem 1996
68%
Virginia Gop 2004
68%
Wisconsin Dem 2020
68%
North Dakota Dem 1964
63%
Oklahoma Dem 1964
63%
South Dakota Dem 1964
63%
Utah Dem 1964
63%
Wyoming Dem 1964
63%
South Carolina Dem 1976
63%
Texas Dem 1976
63%
Vermont Gop 1988
63%
Rhode Island Gop 1984
58%
No matching quizzes found
Score Distribution
Percent of People with Each Score
Percentile by Number Answered
Your Score History
You have not taken this quiz